00357nam a2200169Ia 4500003000900000008004100009040001300050040001300063041000800076100001800084245003500102250001200137260001300149260000900162300001000171490000600181IT-RoPAU120407s9999 xx 000 0 und d aIT-RoPAU cIT-RoPAU aita aLuigi Todesco aCorso di storia della Chiesa,  aTorino  aMarietti c1938 c22 cm v1